000 00709nam a2200217Ia 4500
003 IN-BaIIA
008 211028s9999 xx 000 0 eng d
020 _a0-292-75507-0
040 _cIIA Library
080 _a083.8:524
_bSRC
100 _aDe Vaucoulers, Gerard
_910713
245 0 _aSecond Reference Catalogue of Bright Galaxies
_cGerard de Vaucouleurs, Antoinette de Vaucouleurs and Harold G. Corwin, Jr.
260 _aAustin
_bUniversity of Tokyo Press
_c1976
300 _a396p.
650 _aAstronomy and Astrophysics Thesaurus
650 _aCatalogue-Galaxies
650 _aGalaxies Catalogue
700 _aCorwin, Harold G.
_910714
700 _aDe Vaucouleurs, Antoinette
_98085
942 _cBK
999 _c6229
_d6229